Football (Soccer) Clubs with the Most 2018 FIFA World Cup Players - Statistics

General Stats
  • This quiz has been taken 4,088 times
  • The average score is 8 of 9
Answer Stats
Players Club % Correct
15 Real Madrid
99%
14 FC Barcelona
98%
16 Manchester City
94%
11 Manchester United
93%
11 Bayern Munich
91%
12 Paris Saint-Germain
88%
12 Chelsea
86%
11 Juventus
83%
12 Tottenham Hotspur
67%
No matching quizzes found
Score Distribution
Percent of People with Each Score
Percentile by Number Answered
Your Score History
You have not taken this quiz